Countries in Africa (Sudden Death) - Statistics

General Stats
  • This quiz has been taken 78 times
  • The average score is 19 of 21
Answers on the Grid
Answers color-coded by a green-red scale on the quiz's grid according to % correct below.
Algeria
Burundi
Cameroon
Djibouti
Eswatini
Guinea
Kenya
Liberia
Mali
Namibia
Rwanda
Senegal
South Africa
Tunisia
Uganda
Zambia
Angola
Benin
Cabo Verde
Eritrea
Gabon
Honduras
Nicaragua
Mongolia
Papua New Guinea
Fiji
Sri Lanka
Uruguay
 
Answer Stats
Answer % Correct
Kenya
98%
Angola
95%
Cameroon
95%
Rwanda
95%
South Africa
95%
Senegal
93%
Uganda
93%
Zambia
93%
Djibouti
90%
Eritrea
90%
Eswatini
90%
Gabon
90%
Liberia
90%
Mali
90%
Namibia
90%
Benin
89%
Tunisia
89%
Algeria
87%
Cabo Verde
87%
Guinea
85%
Burundi
84%
No matching quizzes found
Score Distribution
Percent of People with Each Score
Percentile by Number Answered
Your Score History
You have not taken this quiz